| 000 | 01225nam a2200301 a 4500 | ||
|---|---|---|---|
| 001 | 000012407 | ||
| 003 | OSt | ||
| 005 | 20260321073639.0 | ||
| 008 | 091112s1993 dr 000 j spa d | ||
| 040 |
_aDO-SdBNP _bspa _cBNPHU |
||
| 082 | 4 |
_aRD863.44 _bC965p _222 |
|
| 245 | 0 | 0 |
_aCuentos de perros humanos : _bmini antología / _cJuan Bosch ... [et al.] ; compilación, introducción y notas Domingo Hernández Contreras. |
| 260 |
_aSanto Domingo : _bSociedad Democrática de Bibliófilos, _c1993. |
||
| 300 |
_aix, 119 p. ; _c21 cm. |
||
| 504 | _aBibliografía: p.117-118 | ||
| 590 | _aInventariado, 2020/VM | ||
| 650 | 1 | 4 |
_aCUENTOS DOMINICANOS _9503 _vCOLECCIONES |
| 650 | 1 | 0 |
_aLiteratura dominicana. _967 |
| 700 | 1 | 2 |
_aHernández Contreras, Domingo, _d1963 _ecomp. y intr. _922125 |
| 700 | 1 | 2 |
_a Bosch, Juan, _d1909-2001 _976555 |
| 700 | 1 | 2 |
_aHenríquez Ureña, Pedro, _d1884-1946 _91718 |
| 700 | 1 | 2 |
_aLacay Polanco, Ramón, _d1918-1986 _923155 |
| 700 | 1 | 2 |
_aRijo, José, _d1915-1992 _tFloreo _929101 |
| 700 | 1 | 2 |
_aSuero, Ángel Augusto, _tCuentos de perro que se aplica gente _929102 |
| 700 | 1 | 2 |
_aMonclus, Miguel Ángel, _tLa historia de un perro _929103 |
| 910 | _aValidado. Control de calidad MFF | ||
| 942 |
_2ddc _cLBS1 |
||
| 999 |
_c12064 _d12064 |
||